[Event "Satka Autumn 2020"]
[Site "Satka"]
[Date "2020.10.25"]
[Round "5.6"]
[White "Martynyuk, Elizaveta"]
[Black "Prudnikova, Svetlana"]
[Result "1/2-1/2"]
[WhiteElo "2102"]
[BlackElo "2203"]
[Annotator "TA"]
[PlyCount "148"]
[EventDate "2020.10.21"]
[EventType "swiss"]
[EventCountry "RUS"]
[SourceTitle "playchess.com"]
[Source "ChessBase"]
[SourceQuality "1"]

{[%evp 21,148,13,17,6,22,20,30,18,14,14,0,0,10,7,10,6,13,10,23,0,0,0,3,0,0,0,0,0,0,0,0,0,0,-86,0,0,0,-18,-10,-104,-39,-43,0,0,0,0,0,0,0,0,0,0,0,3,43,0,0,0,0,0,0,0,0,0,158,150,143,145,281,281,281,229,280,281,287,282,277,277,282,271,287,287,287,281,271,122,106,70,181,35,35,35,35,35,35,0,32,32,32,32,32,32,35,35,35,35,35,35,35,35,36,35,35,35,35,35,35,8,35,0,5,0,0,0,0,0,0,0,0]} 1. e4 e5 2. Nf3 Nc6 3. Bc4 Bc5 4. c3 Nf6 5. d3 a6 6. Bb3 d6 7. Nbd2 {[%cal Bb1d2,Bd2f1,Bf1e3,Be3c4][%mdl 32]} O-O 8. O-O Ba7 9. h3 h6 10. Re1 Be6 {10...Re8 is a critical line.} 11. Nf1 Re8 12. Be3 {C54: Giuoco Piano: 4 c3 Nf6, main lines with 5 d4 and 5 d3.} d5 (12... Bxb3 {feels hotter.} 13. Qxb3 Bxe3 14. Nxe3 Qd7 15. Rad1 Ne7) 13. Bxa7 {aiming for Bc5.} Rxa7 14. exd5 {White has an edge.} Bxd5 15. Ne3 Bxb3 16. axb3 Ra8 17. b4 Qd7 18. Nc4 {[%cal Rf3e5] [#]} Qd5 $146 ({Predecessor:} 18... Qf5 19. Na5 Nd8 20. d4 e4 21. Ne5 Ne6 22. Nxb7 Nf4 23. Ra5 Rxe5 24. Rxe5 Qg6 {1-0 (47) Spasov,V (2564)-Sukandar,I (2357) Albena 2014}) 19. Na5 Nd7 20. c4 Qd6 21. Nxc6 Qxc6 22. Re4 Rad8 23. Qb3 Re6 24. Rae1 {[%cal Rf3e5]} Rde8 25. Qc3 {[%cal Rf3e5]} Qd6 26. Nh4 g6 27. Qd2 (27. Nf3 $11) 27... Kh7 (27... Nf6 $17 28. R4e2 e4) 28. Nf3 $11 g5 29. g4 c5 30. h4 (30. Qc2 $11 {keeps the balance.}) 30... gxh4 (30... cxb4 $17 {...gxh4 is the strong threat.} 31. hxg5 Nc5 {[%mdl 64] Double Attack}) 31. Nxh4 Qe7 32. Nf5 Qg5 33. Qxg5 $1 hxg5 34. bxc5 Nxc5 35. R4e3 Rd8 36. Rh3+ Kg8 37. Ree3 Rb6 38. Rh5 {White threatens Reh3 and mate.} Rxd3 39. Rxg5+ Kf8 40. Rxe5 Ne6 41. Rh5 $36 {[%cal Rh5h8][%mdl 2048] White is more active.} Kg8 $1 42. Rd5 Rxd5 $2 (42... Nf4 $11 43. Ne7+ Kf8) 43. cxd5 {[%mdl 4096] Endgame KRN-KRN} Nf4 {[#]} 44. d6 $1 {[%cal Rd6d7]} Rxb2 ({Not} 44... Nxh5 $2 45. d7 $18) (44... Ne6 $16) 45. Ne7+ $18 Kf8 46. Rh8+ Kg7 {[#]} 47. d7 $1 {[%mdl 512]} Ne6 48. d8=Q Nxd8 49. Rxd8 {KRN-KR} Kf6 50. Nd5+ Ke5 51. Ne3 {Black must now prevent Nc4+.} b5 52. Kg2 a5 {[%cal Ba6a5,Ba5a4,Ba4a3][%mdl 32]} 53. Kf3 (53. Re8+ $18 {has better winning chances.} Kd6 54. Rf8) 53... a4 $16 54. Rd3 Ke6 {[#]} (54... Rb1 $1 $14) 55. Nd1 ({White has to play} 55. Ng2 $1 $18) 55... Rb1 $1 $14 {Threatening ...b4.} 56. Nc3 a3 $1 {next ...b4 is good for Black.} 57. Re3+ Kd7 $1 58. Rd3+ Ke8 {Black wants to play ...b4.} 59. Na2 b4 60. Nxb4 Rxb4 61. Rxa3 {KR-KR} Kf8 62. Ra6 Kg7 63. g5 Rc4 64. Kg3 Rb4 65. f4 Rc4 66. Kg4 Rb4 67. Ra5 Rc4 68. Kf5 Rc1 69. Ke5 Re1+ 70. Kd6 f6 {The position is equal.} 71. Ra7+ Kg6 72. Re7 Rxe7 73. Kxe7 fxg5 74. fxg5 Kxg5 {Blacks defense is rewarded with a draw. Av CentiPawn Loss W=-11/B=-13. Weighted=-15/-16} 1/2-1/2

[Event "Satka Autumn 2020"]
[Site "Satka"]
[Date "2020.10.25"]
[Round "5.7"]
[White "Guseva, Marina"]
[Black "Shnayder, Violetta"]
[Result "1-0"]
[WhiteElo "2377"]
[BlackElo "1917"]
[Annotator "TA"]
[PlyCount "113"]
[EventDate "2020.10.21"]
[EventType "swiss"]
[EventCountry "RUS"]
[SourceTitle "playchess.com"]
[Source "ChessBase"]
[SourceQuality "1"]

{[%evp 26,113,69,54,67,72,86,69,85,58,62,58,68,52,52,46,185,104,99,104,264,197,177,138,303,165,248,-246,-241,-239,33,47,42,0,50,64,54,62,58,66,43,45,165,142,164,162,210,180,183,171,180,169,165,140,137,17,354,333,384,383,373,374,360,338,336,302,518,493,506,497,510,507,476,448,1150,1133,1099,1048,29962,29965,29960,29965,29965,29966,29979,29979,29951,29954,29984,29985]} 1. d4 Nf6 2. c4 g6 3. Nf3 Bg7 4. g3 O-O 5. Bg2 d6 6. O-O Nc6 7. d5 Na5 8. Nfd2 c5 9. Nc3 a6 10. Qc2 Rb8 11. b3 b5 12. Bb2 bxc4 13. bxc4 e5 14. Nd1 Ne8 {E66: King's Indian: Fianchetto: 6...c5 7 0-0 Nc6 8 d5.} 15. Bc3 Bd7 16. Qc1 {[#]} Nb7 $146 {White is slightly better.} ({Predecessor:} 16... Qc7 17. Qa3 Nb7 18. Rb1 Ra8 19. Nb2 f5 20. Na4 Ra7 21. Nb6 Nf6 22. Nxd7 Nxd7 {0-1 (64) Udovcic,M-Lukic,A Skopje 1962}) 17. Rb1 f5 18. e4 f4 19. Qa3 Nc7 20. Nb2 Qe8 (20... Nb5 $14 21. cxb5 axb5) 21. Nd3 (21. gxf4 $1 $18 Rxf4 22. Nd3) 21... g5 $16 22. Rb6 Qh5 $2 (22... Qd8 $16) 23. Rfb1 Bc8 24. Qc1 Rf6 $2 (24... Ne8 $16 {might work better.} 25. Rxa6 Rf6) 25. Qd1 (25. Rc6 $142) 25... Bg4 (25... Qxd1+ {keeps fighting.} 26. Rxd1 Na8) 26. Bf3 $4 {[%mdl 8192]} (26. Qa4 $18 Bc8 27. Qc6 {[%mdl 64] Double Attack}) 26... fxg3 $19 27. fxg3 Rxf3 $2 (27... Bxf3 $19 28. Qe1 Rbf8 29. Nxf3 Qxf3 30. Nxe5 dxe5 31. Rxb7 R6f7) 28. Nxf3 $14 Bxf3 29. Qd2 {Nxe5 is the strong threat.} Rf8 (29... Bxe4 $5 {[%cal Rh5f3]} 30. Rxb7 Rxb7 31. Rxb7 Qf3 $11) 30. Rxb7 Bxe4 {( -> ...Qf3)} 31. Rf1 $1 {[%cal Rf1f8]} Rxf1+ 32. Kxf1 Qf3+ 33. Nf2 Ne8 {[#]} ({Better is} 33... Qg2+ $1 $14 34. Ke1 Bf3 35. Rb8+ (35. Qxg5 $2 Qg1+ 36. Kd2 Qxf2+ 37. Kc1 Be4 $19) 35... Kf7) 34. Rb8 $1 $18 {[%cal Rb8e8]} Kf7 35. Qe2 ({Stronger than} 35. Qxg5 Qxc3 36. Rb7+ (36. Nxe4 Qxc4+ {[%mdl 64] Double Attack} 37. Kg1 Qxe4 $11) 36... Kg8 $11) 35... Qg2+ 36. Ke1 Bf3 {[#]} 37. Qf1 $1 Qxh2 {Threatens to win with ...Bf6.} 38. Ne4 $1 $36 {[%mdl 2048] White is on the roll.} g4 {And now ...Qc2 would win.} 39. Ng5+ Ke7 40. Rb7+ (40. Nxf3 $16 Qxg3+ {[%mdl 64] Pin} 41. Qf2 Qxf3 42. Qxf3 gxf3 43. Kf2) 40... Kf6 $4 {[%mdl 8192]} (40... Kf8 $1 $11) 41. Nxf3 Qxg3+ 42. Ke2 {White wants to mate with Rf7+!} gxf3+ 43. Qxf3+ Qxf3+ 44. Kxf3 {[%mdl 4096] Endgame KRB-KBN} Kf5 {aiming for ...e4+.} 45. Be1 {Hoping for Re7.} Kg6 $2 (45... e4+ 46. Ke2 Be5 47. Rxh7 Nf6) 46. Re7 Nf6 47. Re6 e4+ 48. Ke2 Kf5 49. Rxd6 Ke5 (49... Nh5 $142 50. Rxa6 Nf4+ 51. Kd1 h5) 50. Rxa6 Kd4 51. d6 Bf8 52. Bh4 {White mates.} Nd7 53. Ra7 Ne5 54. d7 Nxd7 55. Rxd7+ Kxc4 56. Rxh7 Kb4 57. Be7 {Av CentiPawn Loss W=-30/B=-76. Weighted=-58/-60} 1-0

[Event "Satka Autumn 2020"]
[Site "Satka"]
[Date "2020.10.25"]
[Round "5.8"]
[White "Kovanova, Baira"]
[Black "Baranova, Elizaveta"]
[Result "1-0"]
[WhiteElo "2324"]
[BlackElo "1794"]
[Annotator "TA"]
[PlyCount "73"]
[EventDate "2020.10.21"]
[EventType "swiss"]
[EventCountry "RUS"]
[SourceTitle "playchess.com"]
[Source "ChessBase"]
[SourceQuality "1"]

{[%evp 10,73,32,0,0,0,0,-8,25,18,26,14,21,11,17,29,50,41,55,15,26,-11,-13,-12,0,0,18,24,14,9,18,28,20,8,31,0,31,18,102,80,102,93,107,109,139,143,139,154,341,340,301,291,437,405,1605,1486,1847,1581,1410,956,29990,29991,29991,29991,29993,29994]} 1. Nf3 d5 2. g3 Nc6 3. d4 Bf5 4. Bg2 e6 5. O-O Nf6 6. c3 Be7 {is now more promising than 6...Bd6. D02: 1 d4 d5 2 Nf3 sidelines, including 2...Nf6 3 g3 and 2...Nf6 3 Bf4.} 7. Nbd2 Ne4 8. Ne1 {[#]} O-O $146 {The position is equal.} ({Predecessor:} 8... Nxd2 9. Bxd2 O-O 10. Bf4 Bd6 11. Bxd6 Qxd6 12. Nd3 b6 13. Nf4 Rad8 14. Qc1 Ne7 {0-1 (39) Salomon,J (2498)-Smith,A (2506) Sastamala 2016}) 9. Nd3 Nxd2 10. Qxd2 Na5 11. b3 b6 12. f3 h6 13. e4 Bh7 14. Ne5 c5 15. b4 cxb4 16. cxb4 Nb7 17. Bb2 Rc8 18. Rac1 $36 {[%mdl 2048] White is pushing.} Qd6 19. a3 dxe4 20. Rxc8 Rxc8 21. fxe4 Nd8 22. b5 Bg5 23. Qf2 {[%cal Re5f7]} Qc7 (23... f6 $11 {remains equal.} 24. Nd3 f5) 24. Nc6 Bf6 25. h4 Qd7 26. Rc1 {[#] Hoping for e5.} Rc7 27. Kh2 Be7 {[%cal Rd8c6]} 28. d5 Bc5 $2 {A mistake that costs the game.} (28... exd5 $16 29. exd5 f6) 29. Rxc5 $18 bxc5 30. Qxc5 f6 (30... Bg6 {was necessary.} 31. h5 Bxh5) 31. e5 Nf7 (31... exd5 $142 32. Bxd5+ Ne6) 32. d6 Rb7 33. Ne7+ {[%mdl 64] [#] Discovered Attack} Kf8 34. Bc6 Rc7 35. dxc7 {White mates.} Qd2+ 36. Bg2 Nd6 37. Qxd6 {[%mdl 64] Remove Defender. Av CentiPawn Loss W=-33/B=-90. Weighted=-16/-100} 1-0

[Event "Satka Autumn 2020"]
[Site "Satka"]
[Date "2020.10.25"]
[Round "5.9"]
[White "Alekseeva, Irina"]
[Black "Smirnova, Ekaterina"]
[Result "1-0"]
[WhiteElo "2110"]
[BlackElo "2282"]
[Annotator "TA"]
[PlyCount "57"]
[EventDate "2020.10.21"]
[EventType "swiss"]
[EventCountry "RUS"]
[SourceTitle "playchess.com"]
[Source "ChessBase"]
[SourceQuality "1"]

{[%evp 19,57,3,18,0,0,0,0,0,10,13,79,77,63,81,41,-60,-32,-39,-41,-26,-26,-51,307,296,584,0,0,0,0,-44,161,22,769,0,3846,2641,29994,29995,29997,29997]} 1. e4 c6 2. d4 d5 3. Nc3 dxe4 4. Nxe4 Nd7 5. Nf3 Ngf6 6. Ng3 e6 7. Bd3 c5 8. O-O Be7 9. Qe2 O-O 10. c3 b6 11. Bg5 {B17: Caro-Kann: Modern Line (4...Nd7).} Bb7 12. Rad1 Qc7 13. Ne4 {The position is equal.} Rad8 14. Rfe1 {[#]} Nd5 $146 (14... c4 $11 15. Bc2 b5) ({Predecessor:} 14... Rfe8 15. Nxf6+ Bxf6 16. Bxf6 Nxf6 17. Bb5 Rf8 18. dxc5 Qxc5 19. Ba6 Ba8 20. Ne5 Rd5 21. Rxd5 Qxd5 {0-1 (37) Bruno,F (2388)-Godena,M (2528) Saint Vincent 2006}) 15. Bxe7 $1 $16 Nxe7 16. Neg5 $1 Nf6 17. Nxh7 ({Better is} 17. Nxe6 $14 fxe6 18. Qxe6+ Rf7 19. Ng5 {[%mdl 64] Pin}) 17... Nxh7 $15 18. Bxh7+ Kxh7 19. Ng5+ Kh6 $1 {[%cal Rh6g5]} 20. Qg4 Nf5 $2 {[%mdl 8192]} (20... g6 $1 $15 21. Rd3 (21. Qh4+ Kg7 $17) 21... Kg7) 21. Rd3 $1 $18 {[%cal Rd3h3] White threatens Rh3+ and mate.} g6 $2 {[#]} (21... Bxg2 22. Qxg2 (22. Kxg2 g6 $18) 22... Qf4 23. Rh3+ Nh4) 22. Rh3+ $2 (22. Rxe6 $1 $18 {[%mdl 512] Qxf5 would kill now.} Kg7 (22... fxe6 23. Rh3+) 23. Rxg6+ $1 {[%mdl 576] Deflection, Clearance} fxg6 24. Ne6+ {[%mdl 64] Double Attack} Kf6 25. Nxc7) 22... Kg7 $11 {...Rh8 is the strong threat.} 23. Rh7+ Kg8 {Strongly threatening ...Qd6.} 24. Qh3 {Threatening mate with Rxe6!} Qc6 $2 (24... Qf4 $15 {stays ahead.} 25. Nxe6 fxe6 26. Rxb7 Ng7) 25. f3 ({White must play} 25. Ne4 $1 $18 {[%cal Re4f6]} f6 26. Nxf6+ $1 {[%mdl 512]} Rxf6 27. Rh8+ Kf7 28. Rxd8) 25... cxd4 $2 {[%mdl 8192]} (25... Qd6 $11) 26. g4 $2 $40 {[%mdl 128] White has some attack.} ({Don't blunder} 26. cxd4 $2 Qc4 $19) (26. Ne4 $18 {[%cal Re4f6]} f6 27. Nxf6+ $1 {[%mdl 512]} Rxf6 28. Rh8+ Kf7 29. Qh7+ (29. Rxd8 Ke7 $14) 29... Ng7 30. Rxd8 dxc3 31. Rg8 Qc5+ 32. Kh1) 26... dxc3 $2 {[%mdl 8192] [#]} (26... Qc5 $11 27. gxf5 dxc3+ 28. Kh1 Qxf5 29. Rh8+ Kg7 30. Qh6+ Kf6 31. Rxf8 Bxf3+ 32. Nxf3 Qxf3+ 33. Kg1 Qg4+ 34. Kh1 Rxf8 35. Qxf8 Qf3+ 36. Kg1 Qg4+ 37. Kh1 Qf3+ 38. Kg1 Qg4+ 39. Kh1) 27. Ne4 $1 $18 {[%cal Re4f6]} ({Stronger than} 27. gxf5 Qc5+ 28. Kh1 Qxf5 $11) 27... f6 28. gxf5 Rd7 29. fxg6 {Av CentiPawn Loss W=-140/B=-202. Weighted=-172/-242} 1-0

[Event "Satka Autumn 2020"]
[Site "Satka"]
[Date "2020.10.25"]
[Round "5.10"]
[White "Mukhina, Jana"]
[Black "Doroshenko, Diana"]
[Result "0-1"]
[WhiteElo "2025"]
[BlackElo "2214"]
[Annotator "TA"]
[PlyCount "118"]
[EventDate "2020.10.21"]
[EventType "swiss"]
[EventCountry "RUS"]
[SourceTitle "playchess.com"]
[Source "ChessBase"]
[SourceQuality "1"]

{[%evp 25,118,0,31,28,40,7,17,0,0,-20,35,-31,7,-8,-8,-6,-14,-14,-12,-44,-45,-66,-33,-113,-106,-154,-161,-155,-131,-225,-214,-220,-215,-226,-206,-204,-115,-116,-112,-118,-87,-108,-87,-83,-93,-97,-84,-120,-106,-215,-215,-218,-218,-238,-169,-168,-187,-1249,-247,-423,-18,-185,0,0,0,0,0,-12829,-12826,-12829,-5297,-2741,-1904,-29973,-29978,-29980,-29981,-29981,-29982,-29982,-29983,-29984,-29985,-29985,-29986,-29992,-29992,-29992,-29993,-29995,-29996,-29996,-29997,-29997,-619]} 1. d4 d5 2. c4 e6 3. Nc3 Nf6 4. cxd5 Nxd5 5. e4 Nxc3 6. bxc3 c5 7. Nf3 cxd4 8. cxd4 Bb4+ 9. Bd2 Bxd2+ 10. Qxd2 O-O 11. Be2 b6 12. O-O Bb7 13. Qe3 Nd7 14. Nd2 {D41: Queen's Gambit Declined: Semi-Tarrasch with 5 cxd5.} Qe7 15. f3 {[#]} Rfd8 $146 ({Predecessor:} 15... Rac8 16. Bb5 Nf6 17. Nb3 Qb4 18. Be2 Rc3 19. Qf2 Rfc8 20. Rac1 Rxc1 21. Nxc1 Qd2 22. Bd3 Qxc1 23. e5 Nd5 24. Bxh7+ Kxh7 {0-1 (24) Niedergesaess,H (1906)-Stark,I (2187) Oberjoch 2002}) 16. Nb3 {The position is equal.} Rac8 17. Rfd1 Nf6 (17... Qa3 $11) 18. Bd3 (18. a4 $14) 18... Bc6 19. Rac1 Ba4 20. Rxc8 Rxc8 21. Rc1 Rd8 22. Bb1 Ne8 23. Qc3 Rd7 24. Qc4 (24. Qd2 $15) 24... Bxb3 $1 $17 25. axb3 Rc7 26. Qf1 Qb4 27. Rc4 (27. Rxc7 $17 Nxc7 28. Qd1) 27... Qxb3 $19 28. Rxc7 Nxc7 29. Qc1 Ne8 30. Kf2 Kf8 (30... a5 $19 31. Qc6 Kf8) 31. e5 $17 Qb4 32. Ke3 Qe7 33. Be4 f5 34. Bc6 Nc7 35. f4 Kf7 $36 {[%mdl 2048] Black has strong initiative.} 36. Qc4 Qa3+ 37. Kf2 {[#]} (37. Kd2 $17) 37... b5 $1 $19 {[%cal Rb5c4][%mdl 512]} 38. Qc2 (38. Bxb5 Qb2+) 38... Qb4 39. Ke3 Qe1+ 40. Kf3 b4 41. Qc5 $2 (41. h4) 41... Qf1+ $2 (41... b3 42. Qd6 b2 43. Qxc7+ Kg6) 42. Ke3 $2 (42. Kg3 Qe1+ 43. Kh3 Qc3+ 44. Qxc3 bxc3 45. Ba4) 42... Qa6 $2 (42... b3 $19 43. Qc3 Nb5 44. Bxb5 Qxb5 45. Qc7+ Kg6) 43. d5 $2 (43. Bf3 $11 {and White stays safe.} Qa3+ 44. Kd2 Qb2+ 45. Kd1 Qb3+ 46. Kc1 Qa3+ 47. Kc2 Qa2+ 48. Kc1) 43... Nxd5+ $2 ({Better is} 43... Qa3+ $19 44. Kf2 Qa2+ 45. Kg3 Nxd5 46. Bxd5 Qxd5 47. Qxb4 a5) 44. Bxd5 $11 exd5 45. Qxd5+ Qe6 46. Qxe6+ $4 {[%mdl 8192]} (46. Qb7+ $11 Qe7 47. Qd5+ Qe6 48. Qb7+ {[%mdl 64] Double Attack} Qe7 49. Qd5+ Qe6) 46... Kxe6 {[%mdl 4096] Endgame KP-KP} 47. Kd4 a5 {[%cal Ba7a5,Ba5a4,Ba4a3,Ba3a2][%mdl 32]} 48. Kc4 Kd7 49. h4 h5 {Black mates.} 50. g3 Kc6 51. Kb3 Kb5 52. Kb2 a4 53. Ka2 b3+ 54. Kb1 a3 55. Kc1 Kb4 56. e6 Kc3 57. Kb1 a2+ 58. Ka1 Kc2 59. e7 b2+ {Av CentiPawn Loss W=-31/B=-107. Weighted=-114/-117} 0-1

[Event "Satka Autumn 2020"]
[Site "Satka"]
[Date "2020.10.25"]
[Round "5.11"]
[White "Leolko, Ludmila"]
[Black "Loskutova, Viktoriya"]
[Result "0-1"]
[WhiteElo "1899"]
[BlackElo "2110"]
[Annotator "TA"]
[PlyCount "120"]
[EventDate "2020.10.21"]
[EventType "swiss"]
[EventCountry "RUS"]
[SourceTitle "playchess.com"]
[Source "ChessBase"]
[SourceQuality "1"]

{[%evp 16,120,0,-3,2,-19,-1,-52,-8,-17,-10,-11,0,-16,-13,-16,-13,-47,-61,-100,-49,-44,-26,-34,-3,-25,-28,-24,-11,-52,-25,-37,75,62,74,54,112,110,131,21,134,83,102,110,108,77,93,87,106,-12,-11,-145,-115,-283,-173,-164,-160,-204,-209,-214,-201,-213,-194,-210,-201,-287,-310,-289,-295,-289,-285,-6287,-6215,-1521,-197,-168,-7,-85,-81,-64,0,0,0,0,111,0,201,197,176,184,231,153,200,262,235,-29993,-29984,-29994,-29985,-29985,-29986,-29986,-29987,-29987,-29987,-29993,-29994]} 1. d4 Nf6 2. Nf3 d5 3. e3 e6 4. Bd3 b6 5. O-O Bb7 6. b3 Bd6 7. Bb2 O-O 8. Nbd2 c5 9. Ne5 Nc6 {D05: Colle System with ...e6.} 10. f4 Rc8 11. Qf3 {[#]} (11. c4 $11) 11... cxd4 $146 {Black is slightly better.} ({Predecessor:} 11... Nb4 12. Rfc1 Nxd3 13. cxd3 Qe7 14. dxc5 Bxc5 15. Qe2 Rfd8 16. Ndf3 Ba6 17. b4 Bxb4 {1-0 (48) Toktomushev,T (1977)-Qasem,M (1458) Bratislava 2019}) 12. Nxc6 Bxc6 13. Bxd4 Qe7 14. Qg3 g6 15. Qg5 Nd7 16. Qh6 {[%csl Gd4][%cal Rh6g7]} f6 17. Rf3 Qg7 (17... e5 $17 18. fxe5 Nxe5 19. Bxe5 Bxe5) 18. Qh3 Rfe8 19. Raf1 Re7 20. Ba1 Rf8 21. e4 Bb4 22. c3 Bc5+ 23. Kh1 e5 (23... Rfe8 $15 {stays ahead.}) 24. f5 $1 $16 g5 25. Rg3 Rd8 (25... Ree8 $14) 26. b4 Bd6 27. a3 (27. exd5 $1 $16 Bxd5 28. Ne4 Bxe4 29. Bxe4) 27... a5 (27... b5 $11) 28. Qg4 (28. exd5 $142 $1 Bxd5 29. Be4) 28... axb4 29. axb4 Qf7 30. h4 {Hoping for exd5.} h5 31. Qe2 g4 32. c4 (32. exd5 $16 Bxd5 33. Ne4) 32... dxe4 $11 ({Wrong is} 32... Bxb4 $2 33. cxd5 Nc5 34. dxc6 $18) 33. Nxe4 (33. Bxe4 $11 {was the only way to keep the balance.} Bxe4 34. Nxe4 Bxb4 35. Rb3) 33... Bxb4 $17 {...Nc5 is the strong threat.} 34. Nc3 $2 (34. Rb1 $17 {was the only defense.} Bc5 35. Bc3) 34... Bxc3 35. Bxc3 Nc5 36. Bc2 Ba4 37. Bxa4 Nxa4 38. Bb4 Red7 39. Ra3 Nc5 40. Rfa1 (40. Bxc5 $142 bxc5 41. Kh2) 40... Nd3 $19 41. Ra4 Nxb4 42. Rxb4 Rd2 43. Qe3 $2 {[#]} (43. Qf1) 43... Qb7 $1 {[%csl Gd2][%cal Rb7g2]} 44. Rg1 R2d4 $2 (44... R8d3 45. Rxb6 Qa8 $1 {[%mdl 512]} 46. Qxd3 Rxd3) 45. Qh6 {[#]} Qf7 $2 (45... g3 $1 $19 {[%cal Rd4h4]} 46. Qxf6 Qg7 47. Qe6+ (47. Qg5 {is a self mate.} Qxg5 48. Re1 Qxh4+ 49. Kg1 Rf4 50. Rxe5 Qh2#) 47... Kh7) 46. Rxb6 (46. Kh2 $1 $11) 46... g3 $17 {[%cal Rd4h4]} 47. Re1 Rd1 $40 {[%mdl 128] Black has some attack.} (47... Rxh4+ $15 48. Kg1 Rf8) 48. Rb1 $1 $11 {[%cal Rb1d1]} Rxe1+ 49. Rxe1 {[%mdl 4096] Endgame KQR-KQR} Rc8 (49... Rd4 $11 {keeps the balance.} 50. Ra1 Rxh4+ 51. Kg1 Qf8 52. Qg6+ {[%mdl 64] Double Attack} Kh8) 50. Rc1 ({White should play} 50. Rb1 $16) 50... Qg7 $2 (50... Rxc4 $11 {and Black has nothing to worry.} 51. Rxc4 Qxc4 52. Qg6+ {[%mdl 64] Double Attack} Kf8 53. Qxf6+ Kg8 54. Qg5+ Kf8 55. Qxg3 Qf1+ {[%mdl 64] Double Attack} 56. Kh2 Qxf5) 51. Qxh5 $18 Qh7 52. Qg4+ Qg7 53. Qf3 Rd8 54. c5 Rd4 55. c6 $4 {[%mdl 8192]} (55. Qh5 $18) 55... Rxh4+ {Black mates.} 56. Kg1 Qa7+ 57. Kf1 Rh1+ 58. Ke2 Qa2+ 59. Kd3 Rxc1 60. Qxg3+ Kf8 {What a bad dream for White. Av CentiPawn Loss W=29/B=-46. Weighted=-76/-71} 0-1

[Event "Satka Autumn 2020"]
[Site "Satka"]
[Date "2020.10.25"]
[Round "5.12"]
[White "Petrukhina, Olga"]
[Black "Filippova, Margarita"]
[Result "1/2-1/2"]
[WhiteElo "2109"]
[BlackElo "1896"]
[Annotator "TA"]
[PlyCount "88"]
[EventDate "2020.10.21"]
[EventType "swiss"]
[EventCountry "RUS"]
[SourceTitle "playchess.com"]
[Source "ChessBase"]
[SourceQuality "1"]

{[%evp 13,88,0,6,5,28,0,30,22,18,30,45,37,64,63,125,84,93,110,95,0,0,0,0,0,0,0,170,160,164,164,235,239,235,246,236,235,276,260,277,203,268,260,229,250,251,308,259,257,334,0,60,97,241,238,238,251,247,246,237,237,244,-4,220,208,197,0,22,-58,-19,-338,-343,-335,-333,-309,0,-336,0]} 1. Nf3 Nf6 2. g3 d5 3. Bg2 c6 4. O-O Bg4 5. c4 e6 6. cxd5 exd5 {6...Bxf3 is the hot move. Played by Anish Giri in September 2020.} 7. d3 Nbd7 8. h3 {A11: English Opening: 1...c6.} Bh5 9. Qc2 Be7 10. e4 {White has an edge.} O-O 11. Nc3 {[#]} Bb4 $146 ({Predecessor:} 11... dxe4 12. dxe4 Nc5 13. Rd1 Qc8 14. g4 Bg6 15. Ne5 Ne6 16. f4 Bc5+ 17. Kh1 Bd4 18. Nxg6 hxg6 {1-0 (42) Oparin,G (2652)-Rasulov,V (2478) chess.com INT 2020}) 12. Ne1 d4 13. Nb1 Qa5 (13... h6 $14) 14. Bd2 Bxd2 15. Nxd2 Be2 16. Nb3 (16. Nc4 $16 Qh5 17. g4 Bxg4 18. hxg4 Nxg4 19. Nf3) 16... Qh5 $11 17. g4 Bxg4 $1 18. hxg4 Nxg4 {[%csl Gg4][%cal Rh5h2]} 19. Nf3 f5 $2 (19... Nde5 $1 $11 {and Black is okay.} 20. Nbd2 Rae8) 20. Rfe1 $18 fxe4 21. Rxe4 Ndf6 (21... c5 {was called for.}) 22. Qc4+ (22. Nbxd4 $6 Nxe4 23. dxe4 Kh8 $16) 22... Kh8 23. Rxd4 Rae8 24. Qc5 Nd5 {Threatens to win with ...Rxf3!} 25. Re4 Rc8 26. Nbd2 (26. Qxa7 $6 Rxf3 27. Bxf3 Qh2+ 28. Kf1 Nde3+ 29. Qxe3 Nxe3+ 30. Rxe3 Kg8 $16) 26... Rf5 27. Qd6 Rcf8 28. Qg3 Nf4 29. Rae1 g5 30. Nd4 Nxg2 31. Qxg2 $2 (31. f3 $18 Nxe1 32. fxg4) 31... Rxf2 ({Better is} 31... Nxf2 $11 32. Nxf5 Nh3+ 33. Kh1 Nf2+ {[%mdl 64] Double Attack} 34. Kg1 Nh3+ 35. Kh1 Nf2+ {[%mdl 64] Double Attack} 36. Kg1) 32. Qg3 $14 (32. Rxg4 Rxg2+ 33. Rxg2 h6 $15) 32... R2f4 (32... Rxd2 $16 {was worth a try.} 33. Rxg4 h6) 33. Ne6 $18 {[%mdl 64] [#] Double Attack} Rg8 {With the idea ...Nf6.} 34. Nf3 {Nfxg5 is the strong threat.} ({And not} 34. Rxf4 gxf4 35. Qxf4 (35. Nxf4 $2 Qh6 $19) 35... Ne5+ 36. Kf1 Qh1+ 37. Ke2 Rg2+ 38. Kd1 Qxe1+ 39. Kxe1 Nxd3+ 40. Kd1 Nxf4 $17) 34... Nf6 35. Nfxg5 Rf5 36. Re5 Rf3 37. Qh2 $2 ({Only move:} 37. Qg2 $18) 37... Rh3 $2 (37... Qxh2+ $11 {and Black has nothing to worry.} 38. Kxh2 Ng4+ {[%mdl 64] Double Attack} 39. Kg2 Nxe5 40. Rxe5 Rf6) 38. Qg2 Rh4 {[#] White must now prevent ...Rg4.} 39. R1e3 $2 (39. Rf1 $1 $18 {[%cal Rf1f6]} Rg4 40. Rxf6 Rxg2+ 41. Kxg2) 39... h6 ({Don't blunder} 39... Ng4 $2 40. Nf4 $18) 40. Rg3 (40. Rf5 $11 Nd5 41. Nf7+ {[%mdl 64] Discovered Attack} Qxf7 42. Rxf7 Nxe3 {[%mdl 64] Pin} 43. Qxg8+ Kxg8 44. Rg7+ (44. Rxb7 a5 $14) 44... Kh8 45. Rxb7) 40... hxg5 41. Rexg5 $2 {[%mdl 8192]} (41. Qf3 $11 Qxf3 42. Rxf3) 41... Qd1+ $19 42. Kf2 {[%cal Rg5g8]} Qd2+ 43. Kf1 {[%cal Rg5g8]} Qd1+ 44. Kf2 {[%cal Rg5g8]} Qd2+ $2 {Av CentiPawn Loss W=-43/B=-34. Weighted=-62/-50} (44... Qc2+ $19 45. Ke1 Qc1+ 46. Kf2 Re8) 1/2-1/2